Engineering Drawing (Plane and Solid Geometry) (Record no. 15509)

MARC details
000 -LEADER
fixed length control field 00376nam a2200145Ia 4500
008 - FIXED-LENGTH DATA ELEMENTS--GENERAL INFORMATION
fixed length control field 221030s9999 xx 000 0 und d
020 ## - INTERNATIONAL STANDARD BOOK NUMBER
ISBN 9380358963
041 ## - LANGUAGE CODE
Language code of text/sound track or separate title
100 ## - MAIN ENTRY--AUTHOR NAME
Personal name N. D. Bhatt
245 #0 - TITLE STATEMENT
Title Engineering Drawing (Plane and Solid Geometry)
Statement of responsibility, etc by N. D. Bhatt
260 ## - PUBLICATION, DISTRIBUTION, ETC. (IMPRINT)
Name of publisher Charotar Pub
Place of publication Anand
Year of publication 2014
300 ## - PHYSICAL DESCRIPTION
Number of Pages 719
650 ## - SUBJECT ADDED ENTRY--TOPICAL TERM
Topical Term BB Mechanics
942 ## - ADDED ENTRY ELEMENTS (KOHA)
Koha item type Books
Holdings
Accession Number Cost, normal purchase price Bill Date Source of acquisition Price effective from Koha item type Withdrawn / writtenoff status Materials specified (bound volume or other part) Damaged status Not for loan Permanent Location Current Location Shelving location Date acquired Lost/ Missing status department
BB 686 315.00 3669 RKB 10/30/2022 Books   Print     MIET Library, Jammu MIET Library, Jammu BL-Academic Block B, FL-2, CUP-100, SH-4, R-4 11/29/2014   BB